000
00231nam a22001097a 4500
041
_a
eng
080
_a
80
100
_a
Hardie, Ronald G.
245
_a
Collins gem. Diction. of english usage.
650
_a
Reference
999
_c
279758
_d
279758
942
_c
BK